Aponi implementácia rozšírenej reality do podnikov

Start-up Aponi ako podnikateľský nápad predstavujúci softvérové riešenie na implementáciu rozšírenej reality v podnikoch s názvom Aponi view. Softvér Aponi view ako inovatívny produkt. Zisky a tržby start-upu.

Guardado en:
Detalles Bibliográficos
Autor principal: Zagoršek, Branislav, 1984-
Formato: Capítulo de libro
Lenguaje:eslovaco
Materias:
Etiquetas: Agregar Etiqueta
Sin Etiquetas, Sea el primero en etiquetar este registro!

MARC

LEADER 00000naa$a2200000$$$4500
001 0271421
005 20240502074254.5
041 0 |a slo 
044 |a SK 
245 1 0 |a Aponi  |b implementácia rozšírenej reality do podnikov  |c Branislav Zagoršek 
520 |a Start-up Aponi ako podnikateľský nápad predstavujúci softvérové riešenie na implementáciu rozšírenej reality v podnikoch s názvom Aponi view. Softvér Aponi view ako inovatívny produkt. Zisky a tržby start-upu. 
610 2 0 |a podnik 
610 2 0 |a realita virtuálna 
610 2 0 |a start-up 
100 1 |a Zagoršek, Branislav, 1984-